| 000 | 00813cab a2200205 4500 | ||
|---|---|---|---|
| 001 | WB3337-30 | ||
| 008 | 090401t1997 xxu||||| |||| 00| 0 eng d | ||
| 035 | _a(Sirsi) u81102 | ||
| 041 | _aeng | ||
| 245 | _aRents blow for supported housing | ||
| 260 | _c1997 | ||
| 350 | _a0 | ||
| 490 |
_aHousing Today _v(52) 25 September 1997, 1&2(1) |
||
| 520 | _aThe Housing Corporation is extending rent control to the supported housing sector allowing rises fixed to the RPI plus one percent. Uncertainty over funding increased after a leave to appeal was granted over a judicial review challenging local authority decisions to restrict housing benefits to housing costs alone. | ||
| 650 | _aRENT CONTROLS | ||
| 650 | _aSUPPORTED HOUSING | ||
| 690 | _aHOUSING-HOUSING FINANCE | ||
| 942 | _n0 | ||
| 948 | _c25/09/1997 | ||
| 999 |
_c51104 _d51104 |
||